Search and screening (Record no. 62822)

000 -LEADER
fixed length control field 00545nam a22001937a 4500
003 - CONTROL NUMBER IDENTIFIER
control field NUST - PNEC
005 - DATE AND TIME OF LATEST TRANSACTION
control field 20170116180758.0
008 - FIXED-LENGTH DATA ELEMENTS--GENERAL INFORMATION
fixed length control field 150408b xxu||||| |||| 00| 0 eng d
020 ## - INTERNATIONAL STANDARD BOOK NUMBER
International Standard Book Number 0930473086
040 ## - CATALOGING SOURCE
Transcribing agency LIBRARY
082 ## - DEWEY DECIMAL CLASSIFICATION NUMBER
Classification number 623.557 KOO
100 ## - MAIN ENTRY--PERSONAL NAME
9 (RLIN) 2251
Personal name Koopman, Bernard Osgood,
245 ## - TITLE STATEMENT
Title Search and screening
Statement of responsibility, etc. Koopman, Bernard Osgood,
250 ## - EDITION STATEMENT
Edition statement -
260 ## - PUBLICATION, DISTRIBUTION, ETC.
Place of publication, distribution, etc. UAS
Name of publisher, distributor, etc. The Military Operations Research Society
Date of publication, distribution, etc. C 1999
300 ## - PHYSICAL DESCRIPTION
Extent 368 . :
650 ## - SUBJECT ADDED ENTRY--TOPICAL TERM
9 (RLIN) 2252
Topical term or geographic name entry element Search and screening
General subdivision Search theory
942 ## - ADDED ENTRY ELEMENTS (KOHA)
Source of classification or shelving scheme
Koha item type Book
Holdings
Withdrawn status Lost status Source of classification or shelving scheme Damaged status Not for loan Permanent Location Current Location Shelving location Date acquired Source of acquisition Cost, normal purchase price Total Checkouts Full call number Barcode Date last seen Cost, replacement price Price effective from Koha item type
          Pakistan Navy Engineering College (PNEC) Pakistan Navy Engineering College (PNEC)   04/27/2013 Progressive International Agency 3910.00   623.557 KOO PNECLIB-031308 04/08/2015 3910.00 04/27/2013 Book
© 2023 Central Library, National University of Sciences and Technology. All Rights Reserved.